书目信息 |
| 题名: |
诗词曲语辞汇释
|
|
| 作者: | 张相 著 | |
| 分册: | 上册 | |
| 出版信息: | 北京 中华书局 1979 |
|
| 页数: | 430页 | |
| 开本: | 19cm | |
| 丛书名: | ||
| 单 册: | ||
| 中图分类: | I207.227.2 , I207.2 | |
| 科图分类: | ||
| 主题词: | 古典诗歌--词语--研究--中国 , 古典诗歌 , 词语 | |
| 电子资源: | ||
| ISBN: | ||
| 000 | 00762nam0 2200265 450 | |
| 001 | 1548540457 | |
| 005 | 20150126132933.46 | |
| 010 | @dCNY1.12 | |
| 091 | @a9018·14@dCNY2.25 | |
| 100 | @a20141101d1979 em y0chiy50 ea | |
| 101 | 0 | @achi |
| 102 | @aCN@b110000 | |
| 105 | @ay z 001yy | |
| 200 | 1 | @a诗词曲语辞汇释@9shi ci qu yu ci hui shi@h上册@f张相著 |
| 210 | @a北京@c中华书局@d1979 | |
| 215 | @a430页@d19cm | |
| 330 | @a本书收录了唐宋诗词、金元戏剧所用语辞进行解说,并阐述了诗词曲语辞的发展变化。 | |
| 606 | 0 | @a古典诗歌@x词语@x研究@y中国 |
| 606 | 0 | @a古典诗歌 |
| 606 | 0 | @a词语 |
| 690 | @aI207.227.2@v5 | |
| 690 | @aI207.2@v4 | |
| 701 | 0 | @a张相@9zhang xiang@f(1877~1945)@4著 |
| 801 | 0 | @aCN@bTSSF@c20150126 |
| 905 | @aZUCC@dI207.2@eJY5:1 | |
| 诗词曲语辞汇释.上册/张相著.-北京:中华书局,1979 |
| 430页;19cm |
| ISBN :CNY1.12 |
| 本书收录了唐宋诗词、金元戏剧所用语辞进行解说,并阐述了诗词曲语辞的发展变化。 |
| ● |
| 相关链接 |
|
|
|
|
正题名:诗词曲语辞汇释
索取号:I207.2/JY5:1
 
预约/预借
| 序号 | 登录号 | 条形码 | 馆藏地/架位号 | 状态 | 备注 |
| 1 | 7838074 | 278380743 | 学院路分馆/ [索取号:I207.2/JY5:1] | 在馆 | |
| 2 | 7838079 | 278380798 | 学院路分馆/ [索取号:I207.2/JY5:1] | 在馆 | |
| 3 | 7838080 | 278380805 | 学院路分馆/ [索取号:I207.2/JY5:1] | 在馆 | |
| 4 | 7838081 | 278380814 | 学院路分馆/ [索取号:I207.2/JY5:1] | 在馆 | |
| 5 | 7838206 | 278382064 | 学院路分馆/ [索取号:I207.2/JY5:1] | 在馆 | |
| 6 | 7838207 | 278382073 | 学院路分馆/ [索取号:I207.2/JY5:1] | 在馆 | |
| 7 | 7838208 | 278382082 | 学院路分馆/ [索取号:I207.2/JY5:1] | 在馆 | |
| 8 | 7838209 | 278382091 | 学院路分馆/ [索取号:I207.2/JY5:1] | 在馆 | |
| 9 | 7838210 | 278382108 | 学院路分馆/ [索取号:I207.2/JY5:1] | 在馆 |